| 000 | 00695cam a2200217 4500 | ||
|---|---|---|---|
| 001 | WB3613-18 | ||
| 008 | 000000n2000 000 0 eng u | ||
| 035 | _a(Sirsi) u105087 | ||
| 245 | _aTree roots | ||
| 260 | _c2000 | ||
| 490 |
_aTimes _v29 March 2000, 2.11(1) |
||
| 520 | _aRoyal Sun Alliance has appointed a subsidence arboriculturist to advise homeowners on subsidence problems caused by tree roots. They have produced a guide outlining safe distances between a house and a tree. | ||
| 590 | _aWB | ||
| 650 | _aSUBSIDENCE | ||
| 650 | _aTREE ROOTS | ||
| 650 | _aINSURANCE CLAIMS | ||
| 650 | _aDISTANCES | ||
| 650 | _aBUILDING DEFECTS | ||
| 690 |
_aINSURANCE _96249 |
||
| 942 | _n0 | ||
| 999 |
_c63028 _d63028 |
||